<?xml version="1.0" encoding="UTF-8"?>
<marc:record xmlns:marc="http://www.loc.gov/MARC21/slim">
   <marc:leader>00000nam a2200000 a 4500</marc:leader>
   <marc:datafield ind1="1" ind2=" " tag="100">
      <marc:subfield code="a">Elliott, Lawrence</marc:subfield>
      <marc:subfield code="4">aut</marc:subfield>
      <marc:subfield code="e">Verfasser/-in</marc:subfield>
   </marc:datafield>
   <marc:datafield ind1=" " ind2=" " tag="653">
      <marc:subfield code="a">Carver</marc:subfield>
   </marc:datafield>
   <marc:datafield ind1=" " ind2=" " tag="653">
      <marc:subfield code="a">George Washington</marc:subfield>
   </marc:datafield>
   <marc:datafield ind1=" " ind2=" " tag="653">
      <marc:subfield code="a">Erdnuss: Erdnuss</marc:subfield>
   </marc:datafield>
   <marc:datafield ind1=" " ind2=" " tag="653">
      <marc:subfield code="a">George Washington Ca: George Washington Carver</marc:subfield>
   </marc:datafield>
   <marc:datafield ind1=" " ind2=" " tag="653">
      <marc:subfield code="a">Identifikation: Identifikation</marc:subfield>
   </marc:datafield>
   <marc:datafield ind1=" " ind2=" " tag="653">
      <marc:subfield code="a">Menschlichkeit: Menschlichkeit</marc:subfield>
   </marc:datafield>
   <marc:datafield ind1=" " ind2=" " tag="653">
      <marc:subfield code="a">Lawrence Elliott: Lawrence Elliott</marc:subfield>
   </marc:datafield>
   <marc:datafield ind1=" " ind2=" " tag="653">
      <marc:subfield code="a">Nacherzählung: Nacherzählung</marc:subfield>
   </marc:datafield>
   <marc:datafield ind1=" " ind2=" " tag="653">
      <marc:subfield code="a">Lebensgeschichte: Lebensgeschichte</marc:subfield>
   </marc:datafield>
   <marc:datafield ind1=" " ind2=" " tag="653">
      <marc:subfield code="a">Hoffnung: Hoffnung</marc:subfield>
   </marc:datafield>
   <marc:datafield ind1=" " ind2=" " tag="653">
      <marc:subfield code="a">Softcover / Belletristik/Romanhafte Biografien</marc:subfield>
   </marc:datafield>
   <marc:datafield ind1=" " ind2=" " tag="653">
      <marc:subfield code="a">Biografie</marc:subfield>
   </marc:datafield>
   <marc:datafield ind1=" " ind2=" " tag="653">
      <marc:subfield code="a">Biographie</marc:subfield>
   </marc:datafield>
   <marc:datafield ind1="0" ind2="0" tag="245">
      <marc:subfield code="a">Der Mann, der überlebte</marc:subfield>
   </marc:datafield>
   <marc:datafield ind1="0" ind2="0" tag="245">
      <marc:subfield code="b">George W. Carver - eine faszinierende Lebensgeschichte</marc:subfield>
   </marc:datafield>
   <marc:datafield ind1="0" ind2="0" tag="245">
      <marc:subfield code="c">Lawrence Elliott ; aus dem Amerikanischen übertragen von Hans-Georg Noack</marc:subfield>
   </marc:datafield>
   <marc:datafield ind1=" " ind2="1" tag="264">
      <marc:subfield code="a">Neukirchen-Vluyn</marc:subfield>
      <marc:subfield code="b">Neukirchener Aussaat</marc:subfield>
      <marc:subfield code="c">2015</marc:subfield>
   </marc:datafield>
   <marc:datafield ind1="1" ind2=" " tag="520">
      <marc:subfield code="a">Angaben aus der Verlagsmeldung

Der Mann, der überlebte : George W. Carver - eine faszinierende Lebensgeschichte / von Lawrence Elliott

"Manche halten ihn für den beachtenswertesten Amerikaner aller Zeiten", so beginnt die faszinierende Lebensgeschichte, die Lawrence Elliott über den Afroamerikaner George W. Carver geschrieben hat.
Es ist die Geschichte eines Kämpfers für die Würde und Rechte der Afroamerikaner, der allen Widrigkeiten zum Trotz Bildung und Wissen erwarb und mit seinem Einfühlungsvermögen in alles, was Gottes Schöpfung hervorgebracht hat, Hoffnung schenkte. Zu seinen großen Leistungen gehört, dass er den ausgemergelten amerikanischen Süden von der Herrschaft des Königs Baumwolle befreite, indem er die Farmer vom vielfältigen Nutzen des Erdnussanbaus überzeugte.
Es ist die Geschichte eines steinigen Lebensweges, der in einer Sklavenhütte im amerikanischen Süden seinen Anfang nahm, in dessen Mitte kein Geringerer als Henri Ford Weggefährte war und an dessen Ende die New York Herald Tribune schrieb: "Vielleicht hat kein Mensch in diesem Jahrhundert mehr für ein besseres Verständnis zwischen den Rassen getan".
Ein historisch höchst interessantes und menschlich sehr anrührendes Buch, das mit Ehrfurcht vor der tiefen Gläubigkeit eines trotz aller Erfolge bescheiden gebliebenen Mannes zu lesen ist.
</marc:subfield>
   </marc:datafield>
   <marc:datafield ind1=" " ind2=" " tag="020">
      <marc:subfield code="a">9783761557037</marc:subfield>
      <marc:subfield code="9">9783761557037</marc:subfield>
   </marc:datafield>
   <marc:datafield ind1=" " ind2=" " tag="020">
      <marc:subfield code="a">3761557035</marc:subfield>
      <marc:subfield code="9">3761557035</marc:subfield>
   </marc:datafield>
   <marc:datafield ind1=" " ind2=" " tag="041">
      <marc:subfield code="a">ger</marc:subfield>
   </marc:datafield>
   <marc:datafield ind1=" " ind2=" " tag="300">
      <marc:subfield code="a">219 Seiten</marc:subfield>
   </marc:datafield>
</marc:record>
